[Event "IIFL Wealth 4th Mumbai GM"]
[Site "Mumbai"]
[Date "2019.01.07"]
[Round "9"]
[White "Mosadeghpour, Masoud"]
[Black "Konguvel, Ponnuswamy"]
[Result "1-0"]
[WhiteElo "2520"]
[BlackElo "2282"]
[Annotator "TA"]
[PlyCount "81"]
[EventDate "2018.12.30"]
[EventType "swiss"]
[EventCountry "IND"]
[SourceTitle "playchess.com"]
[Source "ChessBase"]
[SourceQuality "1"]

1. e4 c5 2. d4 cxd4 3. c3 dxc3 4. Nxc3 Nc6 5. Nf3 d6 6. Bc4 a6 7. O-O Nf6 8. Be3 e6 9. Qe2 Be7 10. Rfd1 Bd7 11. Bf4 e5 12. Be3 O-O 13. Rac1 Rc8 14. a3 b5 15. Ba2 Na5 16. Bg5 Bg4 17. h3 Bxf3 18. Qxf3 Nc6 19. Be3 Na5 20. Bg5 Nc6 21. Be3 Na5 22. Qe2 Nc4 23. Bg5 Nxe4 24. Nxe4 Bxg5 25. Rxc4 bxc4 26. Nxd6 Qc7 27. Nxc8 Rxc8 28. Qg4 h6 29. h4 Bf6 30. Rc1 Rd8 31. Rxc4 Qa5 32. Rb4 Rd4 33. Rb8+ Bd8 34. Qf5 Qc7 35. Rc8 Qe7 36. Bb3 e4 37. Qf4 Rd7 38. h5 Kf8 39. Ra8 Rb7 40. Bxf7 Qxf7 41. Rxd8+ 1-0

[Event "IIFL Wealth 4th Mumbai GM"]
[Site "Mumbai"]
[Date "2019.01.07"]
[Round "9"]
[White "Visakh N R"]
[Black "Laxman, R.R."]
[Result "1/2-1/2"]
[WhiteElo "2491"]
[BlackElo "2436"]
[Annotator "TA"]
[PlyCount "101"]
[EventDate "2018.12.30"]
[EventType "swiss"]
[EventCountry "IND"]
[SourceTitle "playchess.com"]
[Source "ChessBase"]
[SourceQuality "1"]

1. Nf3 Nf6 2. g3 d5 3. Bg2 g6 4. O-O Bg7 5. d4 O-O 6. Nbd2 c6 7. c4 a5 8. b3 Bf5 9. Bb2 Nbd7 10. e3 Ne4 11. Nh4 Nxd2 12. Qxd2 Be6 13. cxd5 cxd5 14. Rfc1 Nf6 15. a4 Qd7 16. Qe1 Ne4 17. Nf3 Rfc8 18. Ba3 b6 19. Ne5 Qb7 20. Nd3 Bf5 21. g4 Bd7 22. f3 Nd6 23. Qg3 Ne8 24. Ne5 Be6 25. Nd3 Bd7 26. Bf1 Bh6 27. g5 Bf8 28. Ne5 Ng7 29. Bb5 Bxb5 30. axb5 Nf5 31. Qf2 f6 32. Nc6 fxg5 33. Kh1 e6 34. Bxf8 Rxf8 35. Qg1 h6 36. Ne5 Nh4 37. Qg4 Rf5 38. Rc6 Qe7 39. Rac1 h5 40. Qg3 Raf8 41. Rc7 Qa3 42. Nd7 Rxf3 43. Nxf8 Rxg3 44. hxg3 Kxf8 45. gxh4 gxh4 46. Rf1+ Ke8 47. Rc8+ Ke7 48. Rcf8 Kd6 49. Rd8+ Ke7 50. Rdf8 Kd6 51. Rd8+ 1/2-1/2

[Event "IIFL Wealth 4th Mumbai GM"]
[Site "Mumbai"]
[Date "2019.01.07"]
[Round "9"]
[White "Rahman, Ziaur"]
[Black "Stupak, Kirill"]
[Result "1/2-1/2"]
[WhiteElo "2468"]
[BlackElo "2557"]
[Annotator "TA"]
[PlyCount "110"]
[EventDate "2018.12.30"]
[EventType "swiss"]
[EventCountry "IND"]
[SourceTitle "playchess.com"]
[Source "ChessBase"]
[SourceQuality "1"]

1. Nf3 g6 2. e4 Bg7 3. d4 d6 4. Nc3 Nf6 5. Be3 O-O 6. Qd2 c6 7. Bh6 b5 8. Bd3 Bg4 9. a4 b4 10. Ne2 Qa5 11. Ng3 Nbd7 12. h4 Nh5 13. Nxh5 Qxh5 14. Bxg7 Kxg7 15. Ng1 Qa5 16. f3 Be6 17. Ne2 f6 18. g4 c5 19. Bb5 Rad8 20. Nf4 Bf7 21. Bxd7 Rxd7 22. d5 c4 23. Qd4 Rc7 24. Rg1 Qc5 25. Qxc5 Rxc5 26. Kf2 h6 27. Rad1 b3 28. c3 g5 29. Ng2 Be8 30. Ne3 Bd7 31. Rh1 a6 32. Kg3 Rg8 33. Rh2 Kg6 34. Rdh1 Rh8 35. hxg5 fxg5 36. Nf5 Bxf5 37. gxf5+ Kg7 38. f4 gxf4+ 39. Kxf4 Ra5 40. Ra1 Kf7 41. Ke3 Rc5 42. Kd4 Rg8 43. Rah1 Rg3 44. Rh3 Rxh3 45. Rxh3 Ra5 46. Kxc4 Rxa4+ 47. Kxb3 Rxe4 48. Rxh6 Re5 49. c4 Rxf5 50. Rh7+ Kf6 51. Rh1 Rf3+ 52. Kb4 Rf2 53. b3 Ra2 54. Rf1+ Kg7 55. Rf3 a5+ 1/2-1/2

[Event "IIFL Wealth 4th Mumbai GM"]
[Site "Mumbai"]
[Date "2019.01.07"]
[Round "9"]
[White "Deviatkin, Andrei"]
[Black "Nguyen, Van Huy"]
[Result "1-0"]
[WhiteElo "2464"]
[BlackElo "2438"]
[Annotator "TA"]
[PlyCount "163"]
[EventDate "2018.12.30"]
[EventType "swiss"]
[EventCountry "IND"]
[SourceTitle "playchess.com"]
[Source "ChessBase"]
[SourceQuality "1"]

1. c4 e6 2. Nc3 d5 3. d4 Bb4 4. e3 Nf6 5. Nf3 O-O 6. Bd3 c5 7. O-O cxd4 8. exd4 dxc4 9. Bxc4 Nbd7 10. Bg5 h6 11. Bh4 Qa5 12. Rc1 Bxc3 13. bxc3 b6 14. Re1 Bb7 15. Ne5 Rac8 16. Nxd7 Nxd7 17. Qd3 Qh5 18. Bg3 Rfd8 19. f3 Qa5 20. Bh4 Re8 21. Bb5 Bc6 22. a4 Nf8 23. Red1 Ng6 24. Be1 Nf4 25. Qd2 Nd5 26. c4 Qxd2 27. Rxd2 Bxb5 28. axb5 Ne3 29. c5 Nd5 30. Bg3 Red8 31. Kf2 Ra8 32. Ke2 f6 33. Ra2 Kf7 34. Ra3 Rd7 35. c6 Rdd8 36. Rca1 a5 37. bxa6 Ra7 38. Rb1 Ke7 39. Kd3 Rda8 40. Rba1 Nb4+ 41. Kc4 Nxc6 42. Kb5 Na5 43. Rc1 Rxa6 44. Rc7+ Kf8 45. Rac3 Kg8 46. Rc8+ Kf7 47. R8c7+ Kg6 48. Re3 R6a7 49. Rxa7 Rxa7 50. Rxe6 Nb3 51. d5 Ra5+ 52. Kc4 Nd2+ 53. Kd4 Nb3+ 54. Kc3 Nc5 55. Re2 Ra1 56. Bf2 Rc1+ 57. Kd2 Ra1 58. Bxc5 bxc5 59. Kc3 Ra4 60. Re4 Ra2 61. Kc4 f5 62. Re3 Rxg2 63. d6 Rc2+ 64. Kb5 Rxh2 65. Kxc5 Rd2 66. Re5 Kg5 67. Rd5 Rc2+ 68. Kb6 Rc8 69. d7 Rf8 70. Rc5 Rd8 71. Kc7 Ra8 72. d8=Q+ Rxd8 73. Kxd8 Kf4 74. Ke7 h5 75. Ke6 g6 76. Kf6 h4 77. Kxg6 Kxf3 78. Kxf5 h3 79. Rc3+ Kg2 80. Kg4 h2 81. Rc2+ Kg1 82. Kg3 1-0

[Event "IIFL Wealth 4th Mumbai GM"]
[Site "Mumbai"]
[Date "2019.01.07"]
[Round "9"]
[White "Sundararajan, Kidambi"]
[Black "Kavinda, Akila"]
[Result "1/2-1/2"]
[WhiteElo "2458"]
[BlackElo "2092"]
[Annotator "TA"]
[PlyCount "81"]
[EventDate "2018.12.30"]
[EventType "swiss"]
[EventCountry "IND"]
[SourceTitle "playchess.com"]
[Source "ChessBase"]
[SourceQuality "1"]

1. g3 c5 2. Bg2 g6 3. c3 Bg7 4. d4 cxd4 5. cxd4 d5 6. Nc3 Nf6 7. Nf3 Ne4 8. Qb3 Nxc3 9. bxc3 Nc6 10. Nd2 O-O 11. O-O e6 12. e4 Na5 13. Qc2 b6 14. Re1 Bb7 15. Ba3 Re8 16. e5 Rc8 17. Re3 Qd7 18. h4 h5 19. Qd1 Bh6 20. f4 Nc4 21. Nxc4 Rxc4 22. Bf1 Ra4 23. Bb4 Ba6 24. Bxa6 Rxa6 25. g4 Qa4 26. Qe2 hxg4 27. Rg3 Bf8 28. Bxf8 Kxf8 29. Qxg4 Qc2 30. h5 Rxa2 31. Rxa2 Qxa2 32. Qg5 Qb1+ 33. Kh2 Qf5 34. Qh6+ Ke7 35. hxg6 fxg6 36. Rxg6 Rf8 37. Rg7+ Rf7 38. Qh4+ Kf8 39. Qh8+ Ke7 40. Qh4+ Kf8 41. Qh8+ 1/2-1/2

[Event "IIFL Wealth 4th Mumbai GM"]
[Site "Mumbai"]
[Date "2019.01.07"]
[Round "9"]
[White "Khusenkhojaev, Muhammad"]
[Black "Saurabh Anand"]
[Result "1-0"]
[WhiteElo "2455"]
[BlackElo "2246"]
[Annotator "TA"]
[PlyCount "119"]
[EventDate "2018.12.30"]
[EventType "swiss"]
[EventCountry "IND"]
[SourceTitle "playchess.com"]
[Source "ChessBase"]
[SourceQuality "1"]

1. c4 e6 2. Nc3 d5 3. d4 Be7 4. Nf3 Nf6 5. cxd5 exd5 6. Bg5 c6 7. Qc2 g6 8. e3 Bf5 9. Bd3 Bxd3 10. Qxd3 Nh5 11. Bh6 Bf8 12. Bxf8 Kxf8 13. O-O Kg7 14. b4 a6 15. a4 Qd6 16. b5 axb5 17. axb5 Nd7 18. Rfb1 Nhf6 19. h3 Rhc8 20. bxc6 bxc6 21. Ra6 Rxa6 22. Qxa6 Rb8 23. Rc1 Rb6 24. Qa7 Rb3 25. Qa4 Rb6 26. Ne2 Ne4 27. Nf4 h5 28. Nd3 f6 29. Qa7 Qe7 30. Nc5 Nexc5 31. dxc5 Rb3 32. Qc7 Kh6 33. Qxc6 Rxe3 34. Qxd5 Re6 35. c6 Nb6 36. Qd2+ Kh7 37. c7 Rd6 38. Qc2 Nc8 39. Nh4 Qf7 40. Nf5 Rd7 41. Ng3 f5 42. Nf1 f4 43. Nh2 Rd5 44. Nf3 Qf5 45. Qc6 Qd7 46. Ng5+ Kh6 47. Qxd7 Rxd7 48. h4 Re7 49. Rc6 f3 50. Nxf3 Kg7 51. Ng5 Re8 52. g3 Na7 53. Ra6 Nc8 54. Ne6+ Kf7 55. Nd8+ Ke7 56. Rxg6 Kd7 57. Rg7+ Re7 58. Rxe7+ Nxe7 59. Kg2 Kxc7 60. Ne6+ 1-0

[Event "IIFL Wealth 4th Mumbai GM"]
[Site "Mumbai"]
[Date "2019.01.07"]
[Round "9"]
[White "Das, Sayantan"]
[Black "Rajesh, V A V"]
[Result "1/2-1/2"]
[WhiteElo "2453"]
[BlackElo "2402"]
[Annotator "TA"]
[PlyCount "226"]
[EventDate "2018.12.30"]
[EventType "swiss"]
[EventCountry "IND"]
[SourceTitle "playchess.com"]
[Source "ChessBase"]
[SourceQuality "1"]

1. c4 Nf6 2. Nc3 e5 3. Nf3 Nc6 4. e3 Bb4 5. Qc2 d6 6. Nd5 Ba5 7. a3 Nxd5 8. cxd5 Ne7 9. Bc4 O-O 10. b4 Bb6 11. Bb2 Bf5 12. d3 Qd7 13. h3 c6 14. dxc6 bxc6 15. O-O Ng6 16. Bb3 Rac8 17. Qe2 Rfe8 18. Rac1 d5 19. Rfd1 d4 20. Ng5 Re7 21. Qf3 dxe3 22. fxe3 h6 23. Ne4 Be6 24. Bxe6 Qxe6 25. Nc5 Qd5 26. Qxd5 cxd5 27. d4 exd4 28. Bxd4 Ne5 29. a4 Nc4 30. a5 Bc7 31. e4 Bf4 32. Rc3 Rb8 33. Na6 Rd8 34. exd5 Nd2 35. Bc5 Re2 36. Rd3 Nc4 37. Rf3 Be3+ 38. Kh1 Bxc5 39. bxc5 Nxa5 40. Rfd3 Rc2 41. Rb1 Kh7 42. Re1 Rd7 43. Ra1 Nc4 44. c6 Rd6 45. Nb4 Rb2 46. Rxa7 Rxb4 47. c7 Nb6 48. Rc3 Re4 49. Ra8 Re7 50. Rb8 Rdd7 51. Kh2 Rxc7 52. Rxc7 Rxc7 53. Rxb6 Rd7 54. Rb5 Kg6 55. Kg3 Kf5 56. Kf3 Ke5 57. Ra5 Rxd5 58. Ra7 Ke6 59. Rb7 g6 60. Ra7 Rd3+ 61. Ke2 Rc3 62. Kf2 h5 63. Rb7 h4 64. Rb6+ Kf5 65. Rb5+ Kf6 66. Rb6+ Kg5 67. Rb5+ f5 68. Rb6 Kh5 69. Kg1 Rc2 70. Ra6 Re2 71. Rf6 Kh6 72. Ra6 Kg7 73. Ra4 Re4 74. Ra6 Kf7 75. Kf2 Re6 76. Ra4 g5 77. Ra5 Kf6 78. Kf3 Rd6 79. Ke3 Ke6 80. Rb5 Rc6 81. Rb3 Kd5 82. Ra3 Rc5 83. Kf3 Kd4 84. Ra4+ Ke5 85. Ra3 Rb5 86. Re3+ Kd4 87. Ra3 Ke5 88. Re3+ Kf6 89. Ra3 Kg6 90. Ra6+ Kh5 91. Ra3 Rb4 92. Ra5 Rf4+ 93. Ke3 Re4+ 94. Kf3 Kg6 95. Ra6+ Kf7 96. Ra7+ Kf6 97. Ra6+ Re6 98. Ra5 Kg6 99. Rb5 Rc6 100. Rb3 Rc4 101. Rb6+ Kf7 102. Rb7+ Ke6 103. Rb6+ Kd5 104. Rg6 Rc3+ 105. Kf2 Rg3 106. Ra6 f4 107. Ra5+ Ke4 108. Ra4+ Kf5 109. Ra5+ Kg6 110. Ra6+ Kh5 111. Rf6 Ra3 112. Rb6 Rg3 113. Rf6 Ra3 1/2-1/2

[Event "IIFL Wealth 4th Mumbai GM"]
[Site "Mumbai"]
[Date "2019.01.07"]
[Round "9"]
[White "Czebe, Attila"]
[Black "Mohota, Nisha"]
[Result "1-0"]
[WhiteElo "2417"]
[BlackElo "2264"]
[Annotator "TA"]
[PlyCount "118"]
[EventDate "2018.12.30"]
[EventType "swiss"]
[EventCountry "IND"]
[SourceTitle "playchess.com"]
[Source "ChessBase"]
[SourceQuality "1"]

1. c4 Nf6 2. Nf3 e6 3. b3 d5 4. Bb2 b6 5. g3 Bb7 6. Bg2 c5 7. cxd5 exd5 8. O-O d4 9. e3 dxe3 10. dxe3 Qxd1 11. Rxd1 Nbd7 12. Nc3 Be7 13. e4 O-O-O 14. Ng5 Rhf8 15. Nb5 h6 16. Nh3 Bxe4 17. Bxe4 Nxe4 18. Bxg7 Rg8 19. Bb2 a6 20. Na3 Bf6 21. Bxf6 Ndxf6 22. Nc4 Kc7 23. Nf4 Rge8 24. Kg2 Nc3 25. Rxd8 Rxd8 26. a3 b5 27. Ne5 Rd2 28. Nxf7 Ng4 29. Kh3 Nxf2+ 30. Kh4 Nfe4 31. h3 Rb2 32. b4 c4 33. Nxh6 Nb1 34. Nf5 c3 35. Nd5+ Kc6 36. Nde3 Ned2 37. Nd4+ Kd7 38. g4 Nb3 39. Nxb3 Rxb3 40. Kg5 Ke6 41. h4 Rb2 42. h5 Kf7 43. h6 Kg8 44. Kg6 Re2 45. Rxb1 Rxe3 46. Rc1 Re6+ 47. Kf5 Rc6 48. Ke4 Kh7 49. g5 Kg6 50. Kd3 Kxg5 51. Rh1 c2 52. h7 Rc8 53. Kd2 Kg6 54. Kc1 Kg7 55. Kb2 Rh8 56. Kxc2 Kg6 57. Kb3 Kg7 58. a4 Rb8 59. axb5 axb5 1-0

[Event "IIFL Wealth 4th Mumbai GM"]
[Site "Mumbai"]
[Date "2019.01.07"]
[Round "9"]
[White "Manik, Mikulas"]
[Black "Prraneeth Vuppala"]
[Result "1/2-1/2"]
[WhiteElo "2410"]
[BlackElo "2228"]
[Annotator "TA"]
[PlyCount "222"]
[EventDate "2018.12.30"]
[EventType "swiss"]
[EventCountry "IND"]
[SourceTitle "playchess.com"]
[Source "ChessBase"]
[SourceQuality "1"]

1. e4 c5 2. Nf3 d6 3. Bb5+ Nd7 4. O-O Ngf6 5. Re1 a6 6. Bf1 b6 7. d4 cxd4 8. Nxd4 Bb7 9. c4 g6 10. Nc3 Bg7 11. Bg5 h6 12. Bh4 O-O 13. Qd2 Rc8 14. f3 Rc5 15. Rad1 Qa8 16. Nd5 Re8 17. a4 Nxd5 18. exd5 Ne5 19. b3 Qd8 20. f4 Ng4 21. Be2 Nf6 22. Bf3 b5 23. axb5 axb5 24. Nxb5 Nxd5 25. Bxd5 Bxd5 26. Bf2 Bxc4 27. bxc4 Rxc4 28. Qe2 Rc8 29. Bd4 Bxd4+ 30. Nxd4 e5 31. fxe5 dxe5 32. Nf5 Qb6+ 33. Qe3 Qxe3+ 34. Nxe3 Red8 35. Rxd8+ Rxd8 36. Ng4 Kg7 37. Nxe5 Rd2 38. Rf1 f6 39. Nf3 Ra2 40. g3 g5 41. Rf2 Ra1+ 42. Kg2 Kg6 43. Nd4 h5 44. Rd2 Ra3 45. Kf2 Rc3 46. Nf3 Ra3 47. Ke2 Ra1 48. Rd6 Kf5 49. Kf2 Ra3 50. h3 Ra2+ 51. Rd2 Ra4 52. Re2 g4 53. hxg4+ Kxg4 54. Nh2+ Kh3 55. Nf3 Kg4 56. Kg2 f5 57. Ne5+ Kg5 58. Kh3 f4 59. Nf3+ Kf6 60. g4 hxg4+ 61. Kxg4 Rb4 62. Re5 Ra4 63. Rb5 Ke6 64. Kg5 Kd6 65. Rf5 Kc6 66. Kf6 Kb6 67. Ke6 Rc4 68. Ne5 Rc1 69. Rxf4 Rd1 70. Rc4 Kb5 71. Rc8 Kb4 72. Kf5 Rf1+ 73. Ke4 Re1+ 74. Kd4 Rd1+ 75. Nd3+ Kb5 76. Rc3 Rh1 77. Nf2 Rh8 78. Ne4 Rd8+ 79. Ke5 Re8+ 80. Kd5 Rd8+ 81. Nd6+ Kb4 82. Rc6 Rh8 83. Rb6+ Kc3 84. Ne4+ Kd3 85. Rb3+ Ke2 86. Ng3+ Kd2 87. Nf5 Rd8+ 88. Ke4 Re8+ 89. Kf4 Rf8 90. Rh3 Ra8 91. Nd6 Ra4+ 92. Ne4+ Kc2 93. Ke5 Ra8 94. Kd5 Rd8+ 95. Kc4 Rc8+ 96. Nc5 Kd2 97. Ra3 Ke2 98. Kd4 Rd8+ 99. Ke5 Re8+ 100. Ne6 Rh8 101. Ke4 Rh4+ 102. Nf4+ Kd2 103. Rf3 Rh8 104. Ng6 Re8+ 105. Ne5 Ra8 106. Rd3+ Kc2 107. Ke3 Re8 108. Rd5 Kc3 109. Ke4 Rh8 110. Rc5+ Kb4 111. Nd3+ Kb3 1/2-1/2

[Event "IIFL Wealth 4th Mumbai GM"]
[Site "Mumbai"]
[Date "2019.01.07"]
[Round "9"]
[White "Raghunandan, Kaumandur Srihari"]
[Black "Navalgund, Niranjan"]
[Result "0-1"]
[WhiteElo "2378"]
[BlackElo "2240"]
[Annotator "TA"]
[PlyCount "108"]
[EventDate "2018.12.30"]
[EventType "swiss"]
[EventCountry "IND"]
[SourceTitle "playchess.com"]
[Source "ChessBase"]
[SourceQuality "1"]

1. Nf3 Nf6 2. c4 g6 3. Nc3 Bg7 4. e4 d6 5. d4 O-O 6. Be2 e5 7. O-O Nc6 8. d5 Ne7 9. Ne1 Nd7 10. Be3 f5 11. f3 f4 12. Bf2 g5 13. Nd3 Nf6 14. c5 Rf7 15. Rc1 Ng6 16. Kh1 h5 17. cxd6 cxd6 18. Nb5 a6 19. Na7 Bd7 20. Qb3 Qb8 21. Qb6 Ne8 22. Rc4 g4 23. Rfc1 g3 24. Bg1 Rxa7 25. Qxa7 Qd8 26. R4c2 Qg5 27. Ne1 gxh2 28. Bb6 h4 29. Qxb7 Nf6 30. Qxa6 Nh5 31. Bb5 Ng3+ 32. Kxh2 Bxb5 33. Qxb5 Bf8 34. Rc7 Ne7 35. Rxe7 Bxe7 36. Rc8+ Bf8 37. Bf2 h3 38. gxh3 Rh7 39. Rxf8+ Kxf8 40. Qb8+ Kg7 41. Qc7+ Kg8 42. Qc8+ Kg7 43. Ng2 Nf1+ 44. Kg1 Nd2 45. Qc3 Rxh3 46. Qxd2 Rxf3 47. Qc2 Qg6 48. Qc7+ Kg8 49. Qd8+ Kg7 50. Qe7+ Kh8 51. Bh4 Rd3 52. Bf6+ Kg8 53. Qe6+ Kh7 54. Kh2 Qg3+ 0-1

[Event "IIFL Wealth 4th Mumbai GM"]
[Site "Mumbai"]
[Date "2019.01.07"]
[Round "9"]
[White "Kulkarni, Vikramaditya"]
[Black "Harshavardhan G B"]
[Result "1/2-1/2"]
[WhiteElo "2345"]
[BlackElo "2163"]
[Annotator "TA"]
[PlyCount "92"]
[EventDate "2018.12.30"]
[EventType "swiss"]
[EventCountry "IND"]
[SourceTitle "playchess.com"]
[Source "ChessBase"]
[SourceQuality "1"]

1. c4 Nf6 2. Nc3 e6 3. e4 e5 4. g3 Nc6 5. Bg2 Bc5 6. Nge2 d6 7. O-O h5 8. Na4 h4 9. Nxc5 dxc5 10. d3 hxg3 11. hxg3 Bh3 12. Bxh3 Rxh3 13. Kg2 Qd7 14. Bg5 O-O-O 15. Bxf6 gxf6 16. Qd2 Rdh8 17. Rh1 Nb4 18. Rad1 Rxh1 19. Rxh1 Rxh1 20. Kxh1 Qxd3 21. Qh6 Qxe4+ 22. Kg1 Qxc4 23. Qf8+ Kd7 24. Nc3 Nxa2 25. Nb5 Qxb5 26. Qxf7+ Kd6 27. Qxf6+ Kd5 28. Qf7+ Kd4 29. Qxa2 a5 30. Qa3 c4 31. Qe3+ Kd5 32. Qd2+ Kc5 33. Qe3+ Kd6 34. Qh6+ Ke7 35. Qg7+ Ke6 36. Qh6+ Kf5 37. Qh5+ Ke4 38. Qe2+ Kd5 39. Qd2+ Kc6 40. Qh6+ Kd7 41. Qg7+ Kd8 42. Qf6+ Kc8 43. Qf8+ Kd7 44. Qg7+ Kd6 45. Qh6+ Kc5 46. Qe3+ Kd5 1/2-1/2

[Event "IIFL Wealth 4th Mumbai GM"]
[Site "Mumbai"]
[Date "2019.01.07"]
[Round "9"]
[White "Srihari L R"]
[Black "Pranesh M"]
[Result "1/2-1/2"]
[WhiteElo "2316"]
[BlackElo "2125"]
[Annotator "TA"]
[PlyCount "80"]
[EventDate "2018.12.30"]
[EventType "swiss"]
[EventCountry "IND"]
[SourceTitle "playchess.com"]
[Source "ChessBase"]
[SourceQuality "1"]

1. d4 Nf6 2. c4 e6 3. Nf3 b6 4. g3 Bb7 5. Bg2 Be7 6. O-O O-O 7. Nc3 d6 8. b3 Ne4 9. Bb2 Nd7 10. Qc2 Nxc3 11. Bxc3 f5 12. Ne1 Bxg2 13. Nxg2 g5 14. f4 Nf6 15. fxg5 Ne4 16. Nf4 Qd7 17. d5 exd5 18. cxd5 Bxg5 19. Bd4 Bxf4 20. Rxf4 Ng5 21. Rh4 Qf7 22. Qd2 Qg6 23. Rf1 Rae8 24. Kh1 Re4 25. Rhf4 Rf7 26. Qd3 Qh5 27. e3 Nh3 28. Qxe4 fxe4 29. Rxf7 Qxf7 30. Rxf7 Kxf7 31. Kg2 Ng5 32. g4 Nf3 33. Bc3 Nh4+ 34. Kg3 Ng6 35. h4 Ne7 36. Bd2 Nxd5 37. g5 c5 38. Kg4 Ne7 39. h5 d5 40. Kf4 Ke6 1/2-1/2

[Event "IIFL Wealth 4th Mumbai GM"]
[Site "Mumbai"]
[Date "2019.01.07"]
[Round "9"]
[White "Elgabry, Mohsen"]
[Black "Chowdhury, Sohel"]
[Result "1-0"]
[WhiteElo "2305"]
[BlackElo "2012"]
[Annotator "TA"]
[PlyCount "119"]
[EventDate "2018.12.30"]
[EventType "swiss"]
[EventCountry "IND"]
[SourceTitle "playchess.com"]
[Source "ChessBase"]
[SourceQuality "1"]

1. Nf3 d5 2. g3 c6 3. Bg2 Bf5 4. d3 Nf6 5. b3 h6 6. Bb2 e6 7. O-O Nbd7 8. Nbd2 Be7 9. c4 O-O 10. a3 a5 11. Re1 Bh7 12. e4 dxe4 13. dxe4 Nc5 14. Ne5 Nd3 15. Nxd3 Qxd3 16. e5 Nd7 17. Be4 Bxe4 18. Nxe4 Nc5 19. Nxc5 Qxd1 20. Rexd1 Bxc5 21. Rd7 Rfd8 22. Rad1 Rxd7 23. Rxd7 Rb8 24. Bc3 Bxa3 25. Bxa5 b5 26. Bc7 Rb7 27. Rd8+ Kh7 28. Bd6 c5 29. Ra8 Bb2 30. Rc8 bxc4 31. bxc4 Bd4 32. Bxc5 Bxe5 33. Be3 Rc7 34. Rxc7 Bxc7 35. Kf1 Kg6 36. Ba7 Kf6 37. Ke2 e5 38. h3 h5 39. Kd3 Ke6 40. g4 hxg4 41. hxg4 g6 42. g5 Kf5 43. Be3 Bd8 44. c5 Ke6 45. Kc4 f5 46. gxf6 Bxf6 47. Kb5 Kd7 48. c6+ Kc7 49. Kc5 g5 50. f3 Be7+ 51. Kd5 Bd8 52. Bc5 Bf6 53. Bd6+ Kb6 54. Bxe5 Bxe5 55. Kxe5 Kxc6 56. Kf5 Kd6 57. Kxg5 Ke7 58. Kg6 Kf8 59. Kf6 Kg8 60. f4 1-0

[Event "IIFL Wealth 4th Mumbai GM"]
[Site "Mumbai"]
[Date "2019.01.07"]
[Round "9"]
[White "Srijit Paul"]
[Black "Gajek, Radoslaw"]
[Result "0-1"]
[WhiteElo "2298"]
[BlackElo "2475"]
[Annotator "TA"]
[PlyCount "102"]
[EventDate "2018.12.30"]
[EventType "swiss"]
[EventCountry "IND"]
[SourceTitle "playchess.com"]
[Source "ChessBase"]
[SourceQuality "1"]

1. e4 c5 2. Nf3 e6 3. d3 Nc6 4. g3 d5 5. Nbd2 g6 6. Bg2 Bg7 7. O-O Nge7 8. Re1 O-O 9. c3 b5 10. e5 b4 11. Nb3 bxc3 12. bxc3 Qc7 13. d4 cxd4 14. cxd4 Ba6 15. Ba3 Rfc8 16. Bd6 Qb6 17. Rb1 Nf5 18. Bc5 Qd8 19. g4 Nh4 20. Nxh4 Qxh4 21. f4 Rab8 22. Qf3 Bc4 23. Bf1 Bxb3 24. axb3 Bf8 25. h3 Bxc5 26. dxc5 Rb4 27. Bg2 Qe7 28. Qf2 Nd4 29. Rec1 Rxc5 30. Kh1 Rxb3 31. Qxd4 Rc4 32. Qd2 Qc5 33. f5 exf5 34. gxf5 gxf5 35. Rg1 Rxb1 36. Rxb1 f4 37. Bf3 Kf8 38. Qe1 Qe3 39. Rb8+ Kg7 40. Qg1+ Kh6 41. Qxe3 fxe3 42. Kg2 d4 43. Be2 Rc5 44. Re8 Rc2 45. Kf3 Rd2 46. Rd8 a5 47. Rd7 a4 48. Bc4 a3 49. Ra7 Rf2+ 50. Kg3 Rc2 51. Ra4 a2 0-1

[Event "IIFL Wealth 4th Mumbai GM"]
[Site "Mumbai"]
[Date "2019.01.07"]
[Round "9"]
[White "Sangma, Rahul"]
[Black "Mohammad Nubairshah Shaikh"]
[Result "0-1"]
[WhiteElo "2289"]
[BlackElo "2437"]
[Annotator "TA"]
[PlyCount "66"]
[EventDate "2018.12.30"]
[EventType "swiss"]
[EventCountry "IND"]
[SourceTitle "playchess.com"]
[Source "ChessBase"]
[SourceQuality "1"]

1. c4 g6 2. Nf3 Nf6 3. b3 Bg7 4. Bb2 O-O 5. g3 c6 6. Bg2 d5 7. O-O a5 8. Nc3 Ne4 9. d4 Bf5 10. Nh4 Nxc3 11. Bxc3 Be6 12. Qd3 Na6 13. cxd5 cxd5 14. Qd2 Nb8 15. f4 Bf5 16. Nxf5 gxf5 17. g4 fxg4 18. f5 Kh8 19. e4 dxe4 20. f6 exf6 21. Bxe4 Nc6 22. Qf4 Nxd4 23. Kh1 f5 24. Bxd4 Bxd4 25. Qxf5 Qh4 26. Rad1 Rad8 27. Rf4 Bc3 28. Bd3 Rg8 29. Rdf1 Rg5 30. Qxf7 Qh3 31. Qe7 Rdg8 32. Rf8 g3 33. Rxg8+ Rxg8 0-1

[Event "IIFL Wealth 4th Mumbai GM"]
[Site "Mumbai"]
[Date "2019.01.07"]
[Round "9"]
[White "Balasubramaniam H"]
[Black "Patil, Pratik"]
[Result "1/2-1/2"]
[WhiteElo "2270"]
[BlackElo "2178"]
[Annotator "TA"]
[PlyCount "82"]
[EventDate "2018.12.30"]
[EventType "swiss"]
[EventCountry "IND"]
[SourceTitle "playchess.com"]
[Source "ChessBase"]
[SourceQuality "1"]

1. d4 Nf6 2. Bg5 d5 3. e3 g6 4. Bxf6 exf6 5. c4 dxc4 6. Bxc4 Bg7 7. Ne2 O-O 8. Nbc3 f5 9. O-O c6 10. Nf4 Nd7 11. Rc1 Nf6 12. a4 Qe7 13. Qe2 Kh8 14. Rfd1 Be6 15. b3 Rad8 16. a5 Bc8 17. Qa2 g5 18. Nfe2 Ne4 19. a6 Nxc3 20. Nxc3 b5 21. Bf1 f4 22. Re1 fxe3 23. fxe3 f5 24. Kh1 Qb4 25. Qc2 Bxa6 26. Na2 Qd6 27. Qxc6 Qxc6 28. Rxc6 Bb7 29. Rc7 Bd5 30. Rxa7 Bxb3 31. Bxb5 f4 32. Nc1 Bg8 33. exf4 Bxd4 34. Rd7 Rxd7 35. Bxd7 Rxf4 36. Nd3 Rf8 37. h3 Bc4 38. Rd1 Bxd3 39. Rxd3 Be5 40. Rd1 Rd8 41. Bg4 Rxd1+ 1/2-1/2

[Event "IIFL Wealth 4th Mumbai GM"]
[Site "Mumbai"]
[Date "2019.01.07"]
[Round "9"]
[White "Ziatdinov, Raset"]
[Black "Deshpande, Aniruddha"]
[Result "1/2-1/2"]
[WhiteElo "2252"]
[BlackElo "2167"]
[Annotator "TA"]
[PlyCount "105"]
[EventDate "2018.12.30"]
[EventType "swiss"]
[EventCountry "IND"]
[SourceTitle "playchess.com"]
[Source "ChessBase"]
[SourceQuality "1"]

1. e4 c5 2. Nf3 Nc6 3. Be2 g6 4. O-O Bg7 5. Re1 Nf6 6. Bf1 d5 7. e5 Ng4 8. Bb5 Qc7 9. d4 cxd4 10. Qxd4 O-O 11. Bxc6 bxc6 12. Nc3 h5 13. Bf4 Nh6 14. Na4 Bg4 15. Nd2 Nf5 16. Qc3 Bh6 17. Bxh6 Nxh6 18. Nc5 Be6 19. Nf3 Nf5 20. Ng5 Ng7 21. h3 Qc8 22. f3 Rb8 23. b4 Bf5 24. Kh1 Ne6 25. Ngxe6 Bxe6 26. Qd4 Kh7 27. Re3 Bf5 28. g4 hxg4 29. hxg4 Be6 30. Kg2 Rh8 31. Ree1 Kg7 32. Rh1 Qc7 33. Qf4 Rbe8 34. Rab1 Qc8 35. Rxh8 Rxh8 36. Rb3 Qg8 37. Qg3 Qh7 38. Rb1 g5 39. Nd3 Bc8 40. Rc1 Ba6 41. Nf2 e6 42. Nh3 Qh6 43. Rh1 Bc4 44. a3 Qg6 45. Qf2 d4 46. Qd2 Bd5 47. Nxg5 Bxf3+ 48. Kxf3 Rxh1 49. Kf4 Qh6 50. Ke4 Qg6+ 51. Kf4 Qh6 52. Ke4 Qh2 53. Nxe6+ 1/2-1/2

[Event "IIFL Wealth 4th Mumbai GM"]
[Site "Mumbai"]
[Date "2019.01.07"]
[Round "9"]
[White "Aditya Mittal"]
[Black "Ankit, R. Rajpara"]
[Result "1/2-1/2"]
[WhiteElo "2251"]
[BlackElo "2465"]
[Annotator "TA"]
[PlyCount "40"]
[EventDate "2018.12.30"]
[EventType "swiss"]
[EventCountry "IND"]
[SourceTitle "playchess.com"]
[Source "ChessBase"]
[SourceQuality "1"]

1. d4 Nf6 2. c4 e6 3. Nc3 Bb4 4. e3 O-O 5. Bd3 d5 6. Nf3 c5 7. cxd5 cxd4 8. exd4 Nxd5 9. O-O Nc6 10. a3 Be7 11. Bc2 Nxc3 12. bxc3 b6 13. Qd3 g6 14. h4 Bb7 15. Bh6 Re8 16. h5 Qd5 17. hxg6 hxg6 18. Qe3 e5 19. Be4 exd4 20. Nxd4 Qc4 1/2-1/2

[Event "IIFL Wealth 4th Mumbai GM"]
[Site "Mumbai"]
[Date "2019.01.07"]
[Round "9"]
[White "Mohite, Ranveer"]
[Black "Sekar, B."]
[Result "0-1"]
[WhiteElo "2236"]
[BlackElo "2137"]
[Annotator "TA"]
[PlyCount "89"]
[EventDate "2018.12.30"]
[EventType "swiss"]
[EventCountry "IND"]
[SourceTitle "playchess.com"]
[Source "ChessBase"]
[SourceQuality "1"]

1. e4 c5 2. Nf3 d6 3. d4 cxd4 4. Nxd4 Nf6 5. Nc3 a6 6. g3 e5 7. Nb3 Be7 8. Bg2 O-O 9. O-O Be6 10. Re1 Nbd7 11. Nd2 b5 12. Nf1 Nb6 13. Bg5 b4 14. Bxf6 Bxf6 15. Nd5 Bxd5 16. exd5 Nc4 17. Rb1 e4 18. Bxe4 Nxb2 19. Qc1 Re8 20. Qf4 Bc3 21. Re3 g6 22. h4 Be5 23. Qg4 Qc8 24. Qg5 Bd4 25. Ree1 Bc3 26. h5 Bxe1 27. Rxe1 Re5 28. Qc1 Na4 29. Nh2 Nc3 30. Bd3 Rxh5 31. Qf4 Nxd5 32. Qf3 Qc3 33. Re2 Qf6 34. Be4 Qxf3 35. Bxf3 Rf5 36. Rd2 Rxf3 37. Nxf3 Nc3 38. Rd3 d5 39. Rxd5 Nxa2 40. Rd6 a5 41. Ne5 f5 42. Rd7 a4 43. Nc6 f4 44. Rb7 Nc3 45. Ne5 0-1